[Event "Provincial-ch Moncofa"]
[Site "Moncofa"]
[Date "2013.11.16"]
[Round "6"]
[White "Jordan Martinez, Miguel"]
[Black "Sanchiz Marti, Josep Miquel"]
[Result "1-0"]
[WhiteElo "2178"]
[BlackElo "2049"]
[PlyCount "77"]
[EventDate "2013.10.05"]
[EventType "swiss"]
[EventRounds "7"]
[EventCountry "ESP"]
[SourceTitle "EXT 2024"]
[Source "ChessBase"]
[SourceDate "2023.10.10"]
[SourceVersion "1"]
[SourceVersionDate "2023.10.10"]
[SourceQuality "1"]

1. e4 c5 2. Nf3 d6 3. d4 cxd4 4. Qxd4 a6 5. Bc4 e6 6. Nc3 Nf6 7. Qd3 Be7 8. Bf4 b5 9. Bb3 Bb7 10. a3 0-0 11. Rd1 Qa5 12. 0-0 Rd8 13. Rfe1 Nc6 14. Qe3 Rac8 15. Rd2 Ng4 16. Qe2 Nge5 17. Ng5 Nc4 18. Bxc4 bxc4 19. Qg4 Ne5 20. Qh5 Bxg5 21. Qxg5 f6 22. Qg3 Kh8 23. Be3 Rb8 24. f4 Nf7 25. Ba7 Rbc8 26. Qf2 Qh5 27. Red1 Bc6 28. a4 Rd7 29. Bb6 a5 30. Rd4 d5 31. R4d2 Rb8 32. f5 exf5 33. exd5 Ba8 34. Bxa5 Rxb2 35. Qc5 Nd6 36. Nb5 Rxc2 37. Nxd6 h6 38. Qc8+ Kh7 39. Qxd7 1-0

[Event "Mislata op-A 47th"]
[Site "Mislata"]
[Date "2013.08.19"]
[Round "9"]
[White "Sanchiz Marti, Josep Miquel"]
[Black "Gonzalez Aguirre, Luis"]
[Result "0-1"]
[WhiteElo "2047"]
[BlackElo "2151"]
[PlyCount "104"]
[EventDate "2013.08.12"]
[EventType "swiss"]
[EventRounds "9"]
[EventCountry "ESP"]
[SourceTitle "EXT 2024"]
[Source "ChessBase"]
[SourceDate "2023.10.10"]
[SourceVersion "1"]
[SourceVersionDate "2023.10.10"]
[SourceQuality "1"]

1. d4 d5 2. c4 c6 3. Nf3 Nf6 4. Nc3 dxc4 5. a4 c5 6. e4 cxd4 7. Qxd4 Qxd4 8. Nxd4 e5 9. Ndb5 Na6 10. Bxc4 Bc5 11. Ke2 0-0 12. Be3 Bxe3 13. Kxe3 Bd7 14. Nd6 Nb4 15. Rac1 Bc6 16. Rhd1 a6 17. f3 Ne8 18. Nf5 g6 19. Ne7+ Kg7 20. Rd2 Nf6 21. Nxc6 Nxc6 22. Nd5 Rfd8 23. Nxf6 Rxd2 24. Nh5+ gxh5 25. Kxd2 Rd8+ 26. Ke3 Nd4 27. Bd5 Rd7 28. b4 h4 29. f4 f6 30. f5 Nxf5+ 31. exf5 Rxd5 32. Rc7+ Kh6 33. Rxb7 Rd4 34. a5 Kg5 35. Rxh7 Rxb4 36. Ra7 Kxf5 37. Rxa6 Rb2 38. Rb6 Rxg2 39. Rb4 Ra2 40. Rxh4 Ra3+ 41. Ke2 Rxa5 42. Rh8 Ra2+ 43. Ke3 Ra3+ 44. Ke2 e4 45. h3 Kf4 46. Rh4+ Ke5 47. Rh8 f5 48. h4 Kf4 49. h5 Ra2+ 50. Ke1 Ke3 51. Kf1 Kf3 52. Ke1 e3 0-1

[Event "Mislata op-A 47th"]
[Site "Mislata"]
[Date "2013.08.17"]
[Round "8"]
[White "Buenafe Moya, Javier"]
[Black "Sanchiz Marti, Josep Miquel"]
[Result "1-0"]
[WhiteElo "2229"]
[BlackElo "2047"]
[PlyCount "59"]
[EventDate "2013.08.12"]
[EventType "swiss"]
[EventRounds "9"]
[EventCountry "ESP"]
[SourceTitle "EXT 2024"]
[Source "ChessBase"]
[SourceDate "2023.10.10"]
[SourceVersion "1"]
[SourceVersionDate "2023.10.10"]
[SourceQuality "1"]

1. c4 Nf6 2. Nc3 g6 3. g3 Bg7 4. Bg2 0-0 5. d3 d6 6. e4 Nbd7 7. Nge2 e5 8. 0-0 c6 9. h3 Nc5 10. Be3 Ne6 11. d4 exd4 12. Nxd4 Qe7 13. Qc2 Nxd4 14. Bxd4 Be6 15. b3 a6 16. Rad1 Rab8 17. f4 c5 18. Bf2 b5 19. f5 Bc8 20. g4 h6 21. Bg3 Rb6 22. fxg6 Be6 23. e5 Ne8 24. gxf7+ Rxf7 25. Nd5 Rxf1+ 26. Rxf1 Bxd5 27. Bxd5+ Kh8 28. Qg6 dxe5 29. Qxb6 e4 30. Qe6 1-0

[Event "Mislata op-A 47th"]
[Site "Mislata"]
[Date "2013.08.12"]
[Round "1"]
[White "Sanchiz Marti, Josep Miquel"]
[Black "Sos Andreu, Eric"]
[Result "0-1"]
[WhiteElo "2047"]
[BlackElo "2229"]
[PlyCount "72"]
[EventDate "2013.08.12"]
[EventType "swiss"]
[EventRounds "9"]
[EventCountry "ESP"]
[SourceTitle "EXT 2024"]
[Source "ChessBase"]
[SourceDate "2023.10.10"]
[SourceVersion "1"]
[SourceVersionDate "2023.10.10"]
[SourceQuality "1"]

1. d4 Nf6 2. c4 g6 3. Nc3 d5 4. cxd5 Nxd5 5. e4 Nxc3 6. bxc3 Bg7 7. Bc4 0-0 8. Ne2 c5 9. Be3 Nc6 10. 0-0 Bg4 11. f3 Na5 12. Bd3 cxd4 13. cxd4 Be6 14. Qa4 a6 15. Bd2 Nc6 16. d5 Bxa1 17. Rxa1 Ne5 18. Bh6 Qb6+ 19. Qd4 Qxd4+ 20. Nxd4 Bxd5 21. Bxf8 Kxf8 22. Bxa6 Rxa6 23. exd5 Rd6 24. Rb1 Rxd5 25. Nb5 Rd2 26. Nc3 Rc2 27. Ne4 Nd3 28. Kf1 Rxa2 29. Rxb7 Ra1+ 30. Ke2 Nf4+ 31. Kf2 Ra2+ 32. Kg3 e5 33. Ng5 Rxg2+ 34. Kh4 Rxh2+ 35. Kg3 Rg2+ 36. Kh4 h6 0-1

[Event "Provincial-ch Vila Real"]
[Site "Vila Real"]
[Date "2012.11.17"]
[Round "6"]
[White "Nieves Cabanes, Jose Manuel"]
[Black "Sanchiz Marti, Josep Miquel"]
[Result "1/2-1/2"]
[WhiteElo "1961"]
[BlackElo "2020"]
[PlyCount "107"]
[EventDate "2012.10.06"]
[EventType "swiss"]
[EventRounds "7"]
[EventCountry "ESP"]
[SourceTitle "EXT 2024"]
[Source "ChessBase"]
[SourceDate "2023.10.10"]
[SourceVersion "1"]
[SourceVersionDate "2023.10.10"]
[SourceQuality "1"]

1. d4 Nf6 2. c4 c5 3. e3 g6 4. Nf3 Bg7 5. Nc3 b6 6. Be2 Bb7 7. 0-0 0-0 8. d5 d6 9. e4 Nbd7 10. h3 b5 11. cxb5 a6 12. Qc2 Nb6 13. Be3 Nfd7 14. Rab1 axb5 15. Bxb5 Ba6 16. Rfd1 Bxb5 17. Nxb5 Ra5 18. Na3 Qb8 19. Rd3 Rc8 20. Qd2 Ra4 21. Qe2 Rxe4 22. b3 Qa8 23. Nb5 Nxd5 24. Ng5 Re5 25. Qg4 N7f6 26. Qg3 Nxe3 27. Rxe3 Nh5 28. Qg4 Rxe3 29. fxe3 Nf6 30. Qc4 Qd5 31. Qxd5 Nxd5 32. Rf1 f6 33. Ne6 Nxe3 34. Re1 Nd5 35. Rd1 Nb4 36. a4 Nc6 37. Ra1 Na5 38. Re1 Bh6 39. Rb1 Kf7 40. Nec7 Nc6 41. Ra1 Na5 42. Rb1 Bd2 43. Kf2 Nc6 44. Rd1 Ba5 45. Nd5 Rd8 46. Ne3 Ke6 47. Ng4 Ne5 48. Ne3 d5 49. Nc2 Nc6 50. Ne3 f5 51. Rc1 Ne5 52. Ke2 f4 53. Rxc5 fxe3 54. Nd4+ 1/2-1/2

[Event "Benidorm op U2300 10th"]
[Site "Benidorm"]
[Date "2011.12.05"]
[Round "4"]
[White "Sanchiz Marti, Josep Miquel"]
[Black "Gonzalez Mateos, Rafael"]
[Result "1-0"]
[WhiteElo "1986"]
[BlackElo "2145"]
[PlyCount "78"]
[EventDate "2011.12.02"]
[EventType "swiss"]
[EventRounds "10"]
[EventCountry "ESP"]
[SourceTitle "CBM 145 Extra"]
[Source "ChessBase"]
[SourceDate "2012.01.03"]
[SourceVersion "1"]
[SourceVersionDate "2012.01.03"]
[SourceQuality "1"]

1. d4 Nf6 2. c4 e6 3. Nc3 Bb4 4. f3 d5 5. a3 Bxc3+ 6. bxc3 h6 7. e3 0-0 8. cxd5 exd5 9. Bd3 c5 10. Ne2 b6 11. 0-0 Bb7 12. Ng3 Re8 13. Rb1 Qc7 14. Re1 Nc6 15. Qc2 cxd4 16. cxd4 Rac8 17. Bd2 Qd6 18. Qb2 g6 19. a4 Ba8 20. Ba6 Rcd8 21. Rbc1 h5 22. Bb5 h4 23. Ne2 Nh5 24. Rc2 Bb7 25. Rec1 Rc8 26. Bd3 Ne7 27. a5 Rxc2 28. Rxc2 Rc8 29. axb6 Rxc2 30. Bxc2 Qxb6 31. Qxb6 axb6 32. Bb3 Nf6 33. Nc3 Ba8 34. e4 Nc6 35. Nxd5 Nxd5 36. Bxd5 Nxd4 37. Be3 Ne2+ 38. Kf2 Nc3 39. Bb3 b5 1-0

[Event "Mislata op 45th"]
[Site "Mislata"]
[Date "2011.08.16"]
[Round "2"]
[White "Martinez Tormo, Jorge"]
[Black "Sanchiz Marti, Josep Miquel"]
[Result "0-1"]
[WhiteElo "2164"]
[BlackElo "1964"]
[PlyCount "200"]
[EventDate "2011.08.15"]
[EventType "swiss"]
[EventRounds "9"]
[EventCountry "ESP"]
[SourceTitle "CBM 143 Extra"]
[Source "ChessBase"]
[SourceDate "2011.08.29"]
[SourceVersion "1"]
[SourceVersionDate "2011.08.29"]
[SourceQuality "1"]

1. e4 c5 2. Nf3 Nc6 3. d4 cxd4 4. Nxd4 Nf6 5. Nc3 e5 6. Ndb5 d6 7. Nd5 Nxd5 8. exd5 Nb8 9. c4 f5 10. Be2 Be7 11. 0-0 0-0 12. f4 a6 13. Nc3 e4 14. Be3 Nd7 15. b4 b6 16. Rc1 Nf6 17. Qb3 Rb8 18. a4 Kh8 19. Nb1 Bd7 20. Na3 Qe8 21. b5 a5 22. Nc2 Ng8 23. Nd4 h6 24. Nc6 Rb7 25. Qd1 Bf6 26. Rc2 Ne7 27. Qe1 Qf7 28. Qf2 Nc8 29. Qg3 Rg8 30. Qh3 Kh7 31. Kh1 g6 32. g4 fxg4 33. Bxg4 Bxg4 34. Qxg4 Ne7 35. Qg1 Nc8 36. Rg2 Rg7 37. Rg3 Qd7 38. Qg2 Qf5 39. Bd4 Ne7 40. Re3 Rf7 41. Rxe4 Ng8 42. Re6 Bxd4 43. Nxd4 Qd3 44. Nc6 Rf6 45. f5 g5 46. Qe2 Qxe2 47. Rxe2 Rbf7 48. Re6 h5 49. Kg2 Nh6 50. Nd4 Ng4 51. Rfe1 Ne5 52. Rc1 Nd3 53. Rxf6 Rxf6 54. Rc3 Nb2 55. Rc2 Nxa4 56. Re2 Nc5 57. Re7+ Kh6 58. Kf3 Nd3 59. Ke4 Ne5 60. Rc7 Ng4 61. Nf3 Nf2+ 62. Ke3 Ng4+ 63. Ke2 a4 64. Ra7 Rxf5 65. Rxa4 Rf4 66. h3 Nf6 67. Ra6 g4 68. hxg4 hxg4 69. Nd2 g3 70. Ra3 g2 71. Rg3 Rg4 72. Rxg4 Nxg4 73. Nf3 Ne5 74. Ng1 Nxc4 75. Kf2 Kg5 76. Ne2 Kf5 77. Kxg2 Ne3+ 78. Kf3 Nxd5 79. Nd4+ Ke5 80. Nc6+ Kf6 81. Nd4 Ke5 82. Nc6+ Kf6 83. Nd4 Nc3 84. Ke3 Ke5 85. Kd3 Na4 86. Kc4 d5+ 87. Kd3 Nc5+ 88. Ke3 Ne6 89. Nb3 d4+ 90. Ke2 Kd5 91. Kd2 Kc4 92. Kc2 Nc5 93. Nd2+ Kxb5 94. Nf3 Kc4 95. Ne5+ Kd5 96. Nf3 b5 97. Nd2 b4 98. Kb2 d3 99. Kc1 Kd4 100. Kd1 Ne4 0-1

[Event "Almansa op-B 5th"]
[Site "Almansa"]
[Date "2010.08.11"]
[Round "4.12"]
[White "Iglesias Fernandez, Luis"]
[Black "Sanchiz Marti, Josep Miquel"]
[Result "1-0"]
[WhiteElo "1820"]
[BlackElo "1993"]
[PlyCount "55"]
[EventDate "2010.08.09"]
[EventType "swiss"]
[EventRounds "9"]
[EventCountry "ESP"]
[SourceTitle "EXT 2024"]
[Source "ChessBase"]
[SourceDate "2023.10.10"]
[SourceVersion "1"]
[SourceVersionDate "2023.10.10"]
[SourceQuality "1"]

1. e4 g6 2. d3 Bg7 3. g3 c5 4. Bg2 Nc6 5. Nf3 d6 6. 0-0 Nf6 7. Nc3 0-0 8. Ne2 Qc7 9. c3 Rb8 10. Qc2 b6 11. d4 e5 12. d5 Ne7 13. c4 a6 14. Bg5 b5 15. Bxf6 Bxf6 16. Nd2 Bg7 17. cxb5 axb5 18. b4 Bg4 19. f3 Bd7 20. bxc5 Qxc5+ 21. Qxc5 dxc5 22. Nb3 Bh6 23. f4 c4 24. Nc5 Be8 25. d6 Nc6 26. d7 Nd4 27. Nc3 b4 28. Nd5 1-0

[Event "Almansa op-B 5th"]
[Site "Almansa"]
[Date "2010.08.09"]
[Round "1.3"]
[White "Sanchiz Marti, Josep Miquel"]
[Black "Alonso Vara, Maria"]
[Result "1-0"]
[WhiteElo "1993"]
[BlackElo "1736"]
[PlyCount "65"]
[EventDate "2010.08.09"]
[EventType "swiss"]
[EventRounds "9"]
[EventCountry "ESP"]
[SourceTitle "EXT 2024"]
[Source "ChessBase"]
[SourceDate "2023.10.10"]
[SourceVersion "1"]
[SourceVersionDate "2023.10.10"]
[SourceQuality "1"]

1. d4 d5 2. c4 e6 3. Nc3 f5 4. e3 Nf6 5. Qc2 c6 6. Bd3 Bd6 7. Nge2 a6 8. b3 0-0 9. Bb2 Nbd7 10. cxd5 cxd5 11. Rc1 b5 12. 0-0 Bxh2+ 13. Kxh2 Ng4+ 14. Kg3 Qg5 15. f4 Qg6 16. Kf3 Nh2+ 17. Kf2 Ng4+ 18. Ke1 Nxe3 19. Qd2 Nxf1 20. Kxf1 Nf6 21. Ng1 Ne4 22. Qe3 h6 23. Nf3 Qh5 24. Kg1 g5 25. Ne2 Ra7 26. Ba3 Re8 27. fxg5 Nxg5 28. Nxg5 hxg5 29. Rxc8 f4 30. Rxe8+ Qxe8 31. Qe5 Rg7 32. Bf5 Kf7 33. Bg4 1-0

[Event "Valencia Provincial CA"]
[Site "Valencia"]
[Date "2009.01.24"]
[Round "3.1"]
[White "Almenar Montaner, Vicente"]
[Black "Sanchiz Marti, Josep Miquel"]
[Result "0-1"]
[WhiteElo "2064"]
[BlackElo "2042"]
[PlyCount "80"]
[EventDate "2009.01.10"]
[EventType "team-tourn"]
[EventRounds "4"]
[EventCountry "ESP"]
[SourceTitle "EXT 2011"]
[Source "ChessBase"]
[SourceDate "2010.11.26"]
[SourceVersion "1"]
[SourceVersionDate "2010.11.26"]
[SourceQuality "1"]

1. e4 e6 2. d4 d5 3. Nc3 Bb4 4. e5 c5 5. a3 Bxc3+ 6. bxc3 Nc6 7. Qg4 Nge7 8. Qxg7 Rg8 9. Qxh7 cxd4 10. Ne2 Qc7 11. f4 Bd7 12. Qd3 dxc3 13. Nxc3 0-0-0 14. Rb1 Na5 15. h4 Nf5 16. Rh3 Kb8 17. h5 Rc8 18. Bd2 Nc4 19. Rb3 Qc5 20. Ne2 a5 21. h6 Rg6 22. h7 Rh8 23. Qf3 Ba4 24. g4 Bxb3 25. gxf5 Nxd2 26. Kxd2 Qxc2+ 27. Ke1 Qb1+ 28. Kf2 Qxf5 29. Qxb3 Rg4 30. Qf3 Rg7 31. Nd4 Qg6 32. Rh1 Rhxh7 33. Bd3 f5 34. exf6 Qxf6 35. Bxh7 Qxd4+ 36. Ke2 Qb2+ 37. Ke3 Rg2 38. Rd1 Qxa3+ 39. Rd3 Qb2 40. f5 Qe5+ 0-1

[Event "Valencia region tt"]
[Site "Valencia"]
[Date "2004.11.??"]
[Round "5"]
[White "Molina Ballester, Sergio"]
[Black "Sanchiz Marti, Josep Miquel"]
[Result "1-0"]
[WhiteElo "2000"]
[BlackElo "2089"]
[PlyCount "76"]
[EventDate "2004.10.23"]
[EventType "team"]
[EventRounds "7"]
[EventCountry "ESP"]
[SourceTitle "EXT 2008"]
[Source "ChessBase"]
[SourceDate "2007.11.25"]
[SourceVersion "1"]
[SourceVersionDate "2007.11.25"]
[SourceQuality "1"]

1. e4 c5 2. Nf3 d6 3. d4 cxd4 4. Nxd4 Nf6 5. Nc3 e6 6. Be3 a6 7. f3 Be7 8. Qd2 0-0 9. g4 Nfd7 10. 0-0-0 b5 11. h4 Bb7 12. h5 Nc6 13. b3 Rc8 14. Kb1 Nde5 15. Be2 Qa5 16. f4 Nxd4 17. Bxd4 Nc6 18. h6 Nxd4 19. hxg7 Rfd8 20. Nd5 Qxd2 21. Nxe7+ Kxg7 22. Rxd2 Nxe2 23. Nxc8 Nc3+ 24. Kb2 Rxc8 25. Rxd6 Nxe4 26. Rb6 Rc7 27. Re1 Nf6 28. f5 Nxg4 29. fxe6 fxe6 30. Rbxe6 Kf7 31. Rd6 h5 32. Rf1+ Ke7 33. Rg6 Be4 34. Rg7+ Kd6 35. Rd1+ Kc6 36. Rg5 Nf6 37. Rf1 Nd5 38. Rxh5 Kd6 1-0